| 000 | 00866nam a22002777a 4500 | ||
|---|---|---|---|
| 001 | BRCA_9177 | ||
| 003 | FranzMayer | ||
| 005 | 20220809123311.0 | ||
| 008 | 220629b |||||||| |||| 00| 0 spa d | ||
| 040 | _cMFM | ||
| 041 | _aspa | ||
| 050 | _a HQ590 .L493 1971 | ||
| 100 |
_aLewis, Oscar _eautor _910487 |
||
| 245 | 1 | 4 |
_aLos hijos de Sánchez / _cOscar Lewis |
| 250 | _a10ma ed. | ||
| 260 |
_aMéxico, D.F. : _bEditorial Joaquín Mortiz _c1971 |
||
| 300 |
_aXXXV, 521 p. _c20.5 cm |
||
| 500 | _aUbicación: L60-N1 | ||
| 500 | _aIncluye árbol genealógico de la familia Sánchez | ||
| 500 | _aIncluye Apéndice con la Resolución del Procurador General de la República | ||
| 650 |
_2Familia _zMéxico _94504 |
||
| 650 |
_2Pobreza _zMéxico _94504 |
||
| 651 |
_2Ciudad de México _xCondiciones sociales _928384 |
||
| 942 |
_2lcc _cB |
||
| 999 |
_c10796 _d10796 |
||